000 00950nam a2200313 a 4500
001 000113289
003 CHAP
005 20220329144347.0
008 170601s1987 sp |r| ||1|||spa d
010 _a109750
011 _a110722
020 _a8429143238
040 _cCHAP
082 0 4 _a500
_bH75 1987
100 0 0 _aHolton, Gerald
_956022
245 1 0 _aIntroducción a los conceptos y teorías de las ciencias físicas /
_cpor Gerald Holton.
250 _a2 ed.
260 _aBarcelona :
_bEditorial Reverté, S.A.,
_c1987.
300 _axxii, 851 p.
534 _pTít. original :
_tIntroduction to Concepts and Theories in Physical Science
590 _aE11695DGD
_b10
_c20170602
_lUCH01
_h1217
590 _aE11695DGD
_b10
_c20180323
_lUCH01
_h1054
590 _aE5765TAJ
_b05
_c20170601
_lUCH01
_h1152
590 _aE5765TAJ
_b05
_c20170601
_lUCH01
_h1436
650 1 4 _aCiencia.
_923107
901 _aBK
942 _cLIBRO
942 _n0
999 _c109750
_d109750